Villancicos que se cantaron en la Sancta Iglesia Catedral de la Ciudad de los Angeles, en los maytines y fiesta de la Natividad de Jesucristo, Señor Nuestro, este año de 1680 /
Shranjeno v:
| Glavni avtor: | |
|---|---|
| Drugi avtorji: | |
| Format: | Knjiga |
| Jezik: | španščina |
| Izdano: |
Puebla, México :
Gobierno del Estado de Puebla, Secretaría de Cultura,
1990, c1990
|
| Oznake: |
Brez oznak, prvi označite!
|
MARC
| LEADER | 00000nam^a2200000^a^4500 | ||
|---|---|---|---|
| 001 | 000448223 | ||
| 005 | 20250526000000.0 | ||
| 009 | 20260310123652.058 | ||
| 037 | |a Acervo Xavier Clavigero | ||
| 041 | |a ESP | ||
| 091 | |a FCA. 02286 | ||
| 100 | |a Cruz, Juana Inés de la, |c Sor |e (autor) | ||
| 245 | 1 | 0 | |a Villancicos que se cantaron en la Sancta Iglesia Catedral de la Ciudad de los Angeles, en los maytines y fiesta de la Natividad de Jesucristo, Señor Nuestro, este año de 1680 / |
| 264 | 4 | |a Puebla, México : |b Gobierno del Estado de Puebla, Secretaría de Cultura, |c 1990, c1990 | |
| 300 | |a 36 p. ; |c 21.0 cm. | ||
| 336 | |a texto |b txt |2 rdacontenido | ||
| 337 | |a sin mediación |b n |2 rdamedio | ||
| 338 | |a volumen |b nc |2 rdasoporte | ||
| 649 | |a XX | ||
| 700 | |a Castro Morales, Efraín |e (dirección) | ||
| 910 | |a Fondo Xavier Cacho Vázquez S.J. | ||
| 920 | |a Impresos - Libros | ||
| 930 | |a Libros Antiguos y Raros | ||
| 940 | |a Literatura | ||
| 905 | |a 108 | ||
| 901 | |a 0500378721 |b IT2 |c LRA |i D |u 20250526 | ||
| 902 | |a https://opac.biblio.iteso.mx/vufind/Record/000448223 | ||